Quản trị công ty
Trình bày tổng quan về quản trị công ty; những quy định pháp lý và quy định nội bộ trong quản trị công ty; các vấn đề chủ yếu trong quản trị công ty gồm: cổ đông, đại hội cổ đông, hội đồng quản trị, ban điều hành, kiểm soát nội bộ và kiê...
Bewaard in:
| Hoofdauteur: | |
|---|---|
| Andere auteurs: | |
| Formaat: | Boek |
| Taal: | Undetermined |
| Gepubliceerd in: |
H.
Đại học Quốc gia Hà Nội
2018
|
| Onderwerpen: | |
| Online toegang: | http://lrc.tdmu.edu.vn/opac/search/detail.asp?aID=2&ID=36717 |
| Tags: |
Voeg label toe
Geen labels, Wees de eerste die dit record labelt!
|
| Thư viện lưu trữ: | Trung tâm Học liệu Trường Đại học Thủ Dầu Một |
|---|
| LEADER | 01101nam a2200217Ia 4500 | ||
|---|---|---|---|
| 001 | TDMU_36717 | ||
| 008 | 210410s9999 xx 000 0 und d | ||
| 082 | |a 373.23635 068 | ||
| 090 | |b H407 | ||
| 100 | |a Hoàng, Văn Hải | ||
| 245 | 0 | |a Quản trị công ty | |
| 245 | 0 | |c Hoàng Văn Hải, Đinh Văn Toàn đồng chủ biên | |
| 260 | |a H. | ||
| 260 | |b Đại học Quốc gia Hà Nội | ||
| 260 | |c 2018 | ||
| 300 | |a 337tr. | ||
| 520 | |a Trình bày tổng quan về quản trị công ty; những quy định pháp lý và quy định nội bộ trong quản trị công ty; các vấn đề chủ yếu trong quản trị công ty gồm: cổ đông, đại hội cổ đông, hội đồng quản trị, ban điều hành, kiểm soát nội bộ và kiểm toán; TM tham khảo tr.335-337 | ||
| 650 | |a Quản trị doanh nghiệp | ||
| 700 | |a Đinh, Văn Toàn | ||
| 856 | |u http://lrc.tdmu.edu.vn/opac/search/detail.asp?aID=2&ID=36717 | ||
| 980 | |a Trung tâm Học liệu Trường Đại học Thủ Dầu Một | ||